000 00483nam a2200169Ia 4500
003 OSt
005 20201202133440.0
008 190216s9999||||xx |||||||||||||| ||und||
040 _coclc
082 _a894.8123
_bRAD/S
100 _aRadhakrishnan, C
_96488
245 0 _aSpandamaapinikale Nandi /
_cC Radhakrishnan
260 _bHi Tech Books,
_c2003.
_aKochi:
300 _a480p
650 _aMalayalam
942 _cBK
_2ddc
_h894.8123
_iRAD/S
_k894.8123
_mRAD/S
999 _c28324
_d28324